Profil perdu (notice n° 1605091)
[ vue normale ]
| 000 -LEADER | |
|---|---|
| fixed length control field | 00953cam a2200181 4500500 |
| 005 - DATE AND TIME OF LATEST TRANSACTION | |
| control field | 20251228094928.0 |
| 041 ## - LANGUAGE CODE | |
| Language code of text/sound track or separate title | fre |
| 042 ## - AUTHENTICATION CODE | |
| Authentication code | dc |
| 100 10 - MAIN ENTRY--PERSONAL NAME | |
| Personal name | Sesé, Bernard |
| Relator term | author |
| 245 00 - TITLE STATEMENT | |
| Title | Profil perdu |
| 260 ## - PUBLICATION, DISTRIBUTION, ETC. | |
| Date of publication, distribution, etc. | 2011.<br/> |
| 500 ## - GENERAL NOTE | |
| General note | 54 |
| 520 ## - SUMMARY, ETC. | |
| Summary, etc. | Dans un bref entretien avec F. Lévi, António Zambujo fait part de son itinéraire de chanteur, de ses secrets de création et de sa conception de la nostalgie. |
| 520 ## - SUMMARY, ETC. | |
| Summary, etc. | In a brief interview with F. Lévi, António Zambujo discusses his career as a singer as well as the secrets of his creations and his conception of nostalgia. |
| 520 ## - SUMMARY, ETC. | |
| Summary, etc. | Numa breve entrevista com F. Lévi, António Zambujo partilha o seu itinerário como cantor, revelando alguns segredos das suas composições e a sua concepção da nostalgia. |
| 786 0# - DATA SOURCE ENTRY | |
| Note | Sigila | 27 | 1 | 2011-03-01 | p. 53-53 | 1286-1715 |
| 856 41 - ELECTRONIC LOCATION AND ACCESS | |
| Uniform Resource Identifier | <a href="https://shs.cairn.info/revue-sigila-2011-1-page-53?lang=fr&redirect-ssocas=7080">https://shs.cairn.info/revue-sigila-2011-1-page-53?lang=fr&redirect-ssocas=7080</a> |
Pas d'exemplaire disponible.




Réseaux sociaux